Countries by highest amount of teenage brides or grooms - Statistics

General Stats
  • This quiz has been taken 67 times
  • The average score is 12 of 20
Answer Stats
Hint Answer % Correct
9.5% India
85%
53.7% Afghanistan
72%
9.2% Afghanistan
72%
Girls 74.2% Democratic Republic of Congo
72%
55.0% Republic of Congo
72%
11.8% Republic of Congo
72%
Boys 14.9% Iraq
70%
8.1% Central African Republic
69%
48.6% Chad
67%
49.7% Mali
64%
49.8% Uganda
62%
11.4% Uganda
62%
51.3% Bangladesh
61%
13.5% Nepal
54%
49.0% Guinea
51%
8.2% Guinea
51%
43.8% Senegal
51%
43.8% Mozambique
43%
7.7% Colombia
20%
7.8% Guatemala
15%
No matching quizzes found
Score Distribution
Percent of People with Each Score
Percentile by Number Answered
Your Score History
You have not taken this quiz